000 00987nab a22002657a 4500
999 _c6563
_d6563
003 OSt
005 20260224114151.0
008 190506c xxu||||| |||| 00| 0 spa d
040 _cPJ
100 _94182
_aDíaz, Viviana Laura
245 1 0 _aDerecho colaborativo :
_bla reconversión del ejercicio de la abogacía /
_cViviana Laura Díaz.
260 _aBuenos Aires :
_bAbeledoPerrot,
_c2024.
300 _ap. 3-6
500 _aCita: TR LALEY AR/DOC/1736/2024.
505 _t¿Te interesa el texto completo? Comunicate al correo: koha@justierradelfuego.gov.ar
650 0 _91316
_aDERECHO LABORAL
650 0 _9289
_aTECNOLOGIA DE LA INFORMACION
650 0 _96081
_aCIENCIA Y TECNOLOGÍA
650 0 _92
_aINFORMÁTICA
650 0 _92062
_aABOGADOS
650 0 _92171
_aEJERCICIO PROFESIONAL
650 0 _94109
_aREDES SOCIALES
773 0 _02751
_93202
_dBuenos Aires : AbeledoPerrot, 2013-
_tRevista de derecho laboral y seguridad social. Nº 16 - Agosto 2024
942 _2udc
_cANA